Normal view
MARC view
Entry Personal Name
001 - CONTROL NUMBER
- control field: 164654
003 - CONTROL NUMBER IDENTIFIER
- control field: OSt
005 - DATE AND TIME OF LATEST TRANSACTION
- control field: 20220923220823.0
008 - FIXED-LENGTH DATA ELEMENTS
- fixed length control field: 220923|| aca||aabn | a|a d
040 ## - CATALOGING SOURCE
- Original cataloging agency: OSt
- Transcribing agency: OSt
100 ## - HEADING--PERSONAL NAME
- Personal name: सातवंलेकर, श्रीपाद् दामोदरी, ब्उण्
670 ## - SOURCE DATA FOUND
- Source citation: Work cat.: (OSt)343643: सातवंलेकर, श्रीपाद् दामोदरी, ब्उण्, भग्वद्गीता पुरूषार्थ बोघिनि सहित, 1930
